Expert en Calculs à la chaîne ? - Statistiques

Statistiques générales
  • Ce quiz a été pris 385 fois
  • Le résultat moyen est 11 sur 14
Statistiques - réponses
Hint Réponse % Correct
5x8 40
100%
-9 31
99%
x6 186
96%
+238 424
94%
/4 106
91%
-33 73
91%
+688 761
90%
x3 2283
85%
+555 2838
81%
/43 66
59%
x7 462
58%
-536 -74
54%
/37 -2
53%
+42 40
52%
Aucun quiz correspondant
Distribution des résultats
% des personnes avec chaque résultat
Percentile par nombre de réponses
Votre historique - résultats
Vous n’avez pas pris ce quiz